000 00821nam a2200205 4500
001 2023614
003 AM-YeHGA
005 20251016153546.0
008 250620s1933 ru ||||| |||| 00| 0 rus d
040 _aAM-YeHGA
041 0 _arus
100 1 _aГрин, Моисей Филиппович
245 1 0 _aЭкономическая география СССР по областям, краям и республикам :
_bУчебное пособие для вузов /
_cМ.Ф. Грин, А.Г. Кауфман.
260 _aМосква ;
_aЛенинград :
_bСоцэкгиз,
_c1933.
300 _aвыпуск
505 _gВып. 1. (1933, 359 с., 1 л. карт. : ил.)
650 1 4 _aЭкономическая география
_zСССР
700 1 _aКауфман, А.Г.
942 _2udc
_cBK
999 _c535484
_d535484